Kursus asas penilaian loji, jentera dan peralatan : 6 - 9 Julai 2009

Bibliographic Details
Corporate Authors: Kursus asas penilaian loji, jentera dan peralatan, INSPEN ( Institut Penilaian Negara )
Format: Book
Language:Malay
Published: Bangi : Institut Penilaian Negara , 2009
Subjects:
Online Access:http://app.inspen.gov.my:7779/pls/portal/docs/PAGE/CORPORATEPAGES/PORTAL_INSPEN/NOTA_KURSUS/VO/SKMBT_C45109092610041.PDF

MARC

LEADER 00000cam a2200000 7i4500
001 0000021948
005 20091104.0
008 091022 my a may
040 |a INS 
090 0 0 |a VO137 
110 1 |a Kursus asas penilaian loji, jentera dan peralatan ,   |d 2009 6 - 9 Julai   |c INSPEN, Bangi 
245 0 0 |a Kursus asas penilaian loji, jentera dan peralatan :   |b 6 - 9 Julai 2009   |c Anjuran Pusat Penilaian dan Perkhidmatan Harta, INSPEN 
260 |a Bangi :   |b Institut Penilaian Negara ,   |c 2009 
300 |a 1v. ( Various pagings ) :   |b ill. ;   |c 30cm. 
500 |a Untuk paparan lengkap sila rujuk kaunter perpustakaan 
650 0 |a Machinery   |x Valaution 
710 1 |a INSPEN ( Institut Penilaian Negara ) 
856 |u http://app.inspen.gov.my:7779/pls/portal/docs/PAGE/CORPORATEPAGES/PORTAL_INSPEN/NOTA_KURSUS/VO/SKMBT_C45109092610041.PDF 
999 |a VO00000275   |b BOOK   |c Course Notes   |e Default branch 
999 |a VO00000276   |b BOOK   |c Course Notes   |e Default branch 
999 |a VO00000277   |b BOOK   |c Course Notes   |e Default branch